| 000 | 00585nam a2200229 a 4500 | ||
|---|---|---|---|
| 999 |
_c1567 _d1567 |
||
| 001 | 1567 | ||
| 003 | BD-JhCC | ||
| 005 | 20221110134023.0 | ||
| 008 | 171021s1999 e ||||| |||| 00| 0 eng d | ||
| 020 | _a0006513778 | ||
| 035 | _a(BD-JhCC) 1567 | ||
| 040 |
_aBD-JhCC _dBD-JhCC |
||
| 041 | _aeng | ||
| 082 |
_223 _a823.912 _bPOI 1999 |
||
| 100 | _aPoirot, Hercule | ||
| 245 | _aAgatha Christie / | ||
| 260 |
_aLondaon : _bHarper Collins Publishers, _c1999 |
||
| 300 |
_a864 p. : _c21 cm |
||
| 650 | _aDetective and Mystery Stories, English | ||
| 942 |
_2ddc _cBK _02 |
||